01534nam a2200337 a 4500001001000000003000500010005001700015008004100032010001100073011001100084040000900095090001000104100004700114245021100161260004100372500006000413502009700473590004100570590004100611590004100652590004000693590004000733650003500773856007000808901000700878942001000885942000600895999001900901952013600920952014001056000109307CHAP20220329144045.0140416s2013 mx a sm |||||||spa d a105769 a106741 cCHAP aTesis1 aMantero García, Hector Francisco912748110aVariación especial y temporal de la erosión hídrica en las microcuencas asociadas a la zona núcleo de la reserva de la biósfera mariposa monarca /h[En línea]cHector Francisco Mantero García. aChapingo, Méx. :bEl autor,c2013. aPara ver el contenido del material haga clic en la liga aTesis (Ing. Agr. Esp. en Restauración Forestal) -- UACH. División de Ciencias Forestales aBATCH-UPDb10c20141002lUCH01h0901 aE11695DGDb10c20140721lUCH01h1055 aE11695DGDb10c20141103lUCH01h0930 aE5652GLJb05c20140416lUCH01h1325 aE5652GLJb05c20140416lUCH01h132514aCuencas hidrológicas.930092 aFinding aiduhttp://10.13.5.2/tesis/sist109307.pdfzTeclea aquí aBK cTESIS n0 c105769d105769 00104054718TESISaBCbBCd2014-04-16fTESISl0oTesisp33724002402330r2019-12-31 00:00:00w2019-12-31yTESISzRecien adquirido 00102local4053708TESISaBCbBCcPA_TESISd2014-04-16fTESISl0oTesisp33724002402371r2019-12-31 00:00:00tc.2w2019-12-31yTESIS